000 00750nam a22002417a 4500
999 _c6177
_d6177
003 AR-CdUCM
008 190313b ||||| |||| 00| 0 spa d
040 _aMUNICIPALIDAD PROVINCIAL DEL CUSCO
_cBIBLIOTECA MUNICIPAL DEL CUSCO
041 _h-fri
082 _22ed.
_a848.9 /
_bV16
100 _aVaillant-Coutureir, P.
_917850
245 _aJuan sin pan /
260 _aSantiago de Chile :
_bDocumentos,
_c1933.
300 _a46 páginas ;
_bilustraciones,
_c21 cm.
500 _aDonación de la familia Nieto
650 _aFrancia
_91444
650 _aLiteratura francesa
_9913
650 _aSiglo XX
_98
700 _aOlmos, Pedro (Ilustraciones)
_917851
700 _aVolosky, Linda (Traductora)
_917852
942 _2ddc
_cLIBROS
945 _araen